[Event "IND-ch U15 Girls"]
[Site "New Delhi"]
[Date "2010.09.07"]
[Round "6"]
[White "Vanessa, D'Souza"]
[Black "Akshaya, Nandakumar"]
[Result "0-1"]
[WhiteElo "1857"]
[BlackElo "1798"]
[PlyCount "50"]
[EventDate "2010.09.04"]
[EventType "swiss"]
[EventRounds "11"]
[EventCountry "IND"]
[SourceTitle "CBM 138 Extra"]
[Source "ChessBase"]
[SourceDate "2010.10.29"]
[SourceVersion "1"]
[SourceVersionDate "2010.10.29"]
[SourceQuality "1"]

1. e4 e5 2. Nf3 Nc6 3. d4 exd4 4. Nxd4 Qf6 5. Nxc6 Bc5 6. Qd2 dxc6 7. Bd3 Be6 8. Nc3 h6 9. Qf4 Qe7 10. Bd2 g5 11. Qf3 Nf6 12. Be3 Ng4 13. Bxc5 Qxc5 14. Qe2 0-0-0 15. a3 Rhe8 16. h3 Ne5 17. 0-0-0 Ng6 18. g3 Kb8 19. Kb1 f5 20. Qh5 Ne5 21. exf5 Bf7 22. Qe2 Nxd3 23. Rxd3 Bd5 24. Qd2 Re5 25. g4 Rh8 0-1

[Event "IND-ch U15 Girls"]
[Site "New Delhi"]
[Date "2010.09.06"]
[Round "4"]
[White "Vanessa, D'Souza"]
[Black "Priya, VSS"]
[Result "1/2-1/2"]
[WhiteElo "1857"]
[BlackElo "1664"]
[PlyCount "83"]
[EventDate "2010.09.04"]
[EventType "swiss"]
[EventRounds "11"]
[EventCountry "IND"]
[SourceTitle "CBM 138 Extra"]
[Source "ChessBase"]
[SourceDate "2010.10.29"]
[SourceVersion "1"]
[SourceVersionDate "2010.10.29"]
[SourceQuality "1"]

1. e4 g6 2. d4 Bg7 3. Nf3 d6 4. Nc3 a6 5. Be3 Nd7 6. a4 b6 7. Bc4 e6 8. Qd2 h6 9. 0-0 Ne7 10. Ne1 Nf6 11. h3 Bb7 12. Bd3 d5 13. exd5 Nexd5 14. Nxd5 Nxd5 15. Rd1 Nxe3 16. fxe3 0-0 17. c3 e5 18. Bc4 exd4 19. exd4 Bd5 20. Bxd5 Qxd5 21. Qc2 Rad8 22. Nf3 Rfe8 23. Rde1 Qc6 24. Qb3 Rxe1 25. Rxe1 Re8 26. Rxe8+ Qxe8 27. Kf2 Qc6 28. c4 Qe4 29. Qd1 Kf8 30. Qe2 Bxd4+ 31. Nxd4 Qxd4+ 32. Kf1 Qf6+ 33. Kg1 Qc6 34. b3 Qc5+ 35. Kh1 Qf5 36. Qd1 Ke8 37. Qe1+ Qe6 38. Qd1 Qd6 39. Qe2+ Kd7 40. Qf3 Qe6 41. Qd3+ Kc8 42. Qf3 1/2-1/2

[Event "IND-ch U15 Girls"]
[Site "New Delhi"]
[Date "2010.09.05"]
[Round "2"]
[White "Vanessa, D'Souza"]
[Black "Smaraki, Mohanty"]
[Result "0-1"]
[WhiteElo "1857"]
[BlackElo "1653"]
[PlyCount "92"]
[EventDate "2010.09.04"]
[EventType "swiss"]
[EventRounds "11"]
[EventCountry "IND"]
[SourceTitle "CBM 138 Extra"]
[Source "ChessBase"]
[SourceDate "2010.10.29"]
[SourceVersion "1"]
[SourceVersionDate "2010.10.29"]
[SourceQuality "1"]

1. e4 c6 2. d4 d5 3. Nc3 dxe4 4. Nxe4 Bf5 5. Ng3 Bg6 6. h4 h6 7. Nf3 Nd7 8. h5 Bh7 9. Bd3 Bxd3 10. Qxd3 e6 11. Bd2 Qc7 12. 0-0-0 Ngf6 13. Ne4 0-0-0 14. c4 Nxe4 15. Qxe4 c5 16. Qe2 cxd4 17. Nxd4 Nb6 18. Nb5 Qxc4+ 19. Qxc4+ Nxc4 20. Nxa7+ Kb8 21. Nb5 Nxd2 22. Rxd2 Rxd2 23. Kxd2 Bb4+ 24. Kc2 Rc8+ 25. Kb3 Bc5 26. f3 Rd8 27. Kc2 Rc8 28. Rd1 Be7+ 29. Kb3 Rc5 30. a4 Kc8 31. g4 Re5 32. Rd3 Re2 33. Rc3+ Kd8 34. Rc7 Bf6 35. Rxb7 Rxb2+ 36. Ka3 Rf2 37. a5 Rxf3+ 38. Kb4 Be7+ 39. Kc4 Rf4+ 40. Kb3 Rf3+ 41. Kc2 Rf2+ 42. Kd3 Ra2 43. Nd4 Ra3+ 44. Kc2 Bf6 45. Nc6+ Kc8 46. Rb6 Kc7 0-1

[Event "IND-ch U15 Girls"]
[Site "New Delhi"]
[Date "2010.09.04"]
[Round "1"]
[White "Saumya, Dangwal"]
[Black "Vanessa, D'Souza"]
[Result "0-1"]
[WhiteElo "1411"]
[BlackElo "1857"]
[PlyCount "44"]
[EventDate "2010.09.04"]
[EventType "swiss"]
[EventRounds "11"]
[EventCountry "IND"]
[SourceTitle "CBM 138 Extra"]
[Source "ChessBase"]
[SourceDate "2010.10.29"]
[SourceVersion "1"]
[SourceVersionDate "2010.10.29"]
[SourceQuality "1"]

1. e4 c5 2. Nc3 Nc6 3. g3 g6 4. Bg2 Bg7 5. d3 e6 6. f4 Nge7 7. Nf3 0-0 8. 0-0 d6 9. Kh1 Rb8 10. Rb1 b5 11. Qe1 Nd4 12. Qf2 Nec6 13. Nxd4 Nxd4 14. Be3 b4 15. Nd1 Qa5 16. Ra1 b3 17. Bd2 Qa6 18. cxb3 Nxb3 19. axb3 Qxa1 20. Bc3 Qa6 21. Qc2 Qb5 22. Ne3 Qxb3 0-1